01219nam a2200313Ia 4500001001200000003000800012006001900020007001500039008004100054010001700095020002800112020001800140040002100158035002100179050002200200082001200222100003300234245007600267260004900343300001700392504006400409533015200473650004700625651004400672655002900716710001700745856012600762999001700888ebr10278645CaPaEBRm u cr cn|||||||||920925s1993 nyu sb 001 0 eng d z 92033873  z0195079000 (alk. paper) z9780195079005 aCaPaEBRcCaPaEBR a(OCoLC)25260782514aE183b.E44 1993eb04a9732201 aEllis, Richardq(Richard J.)10aAmerican political culturesh[electronic resource] /cRichard J. Ellis. aNew York :bOxford University Press,cc1993. axiii, 251 p. aIncludes bibliographical references (p. 177-239) and index. aElectronic reproduction.bPalo Alto, Calif. :cebrary,d2009.nAvailable via World Wide Web.nAccess may be limited to ebrary affiliated libraries. 0aPolitical culturezUnited StatesxHistory. 0aUnited StatesxPolitics and government. 7aElectronic books.2local2 aebrary, Inc.40uhttp://site.ebrary.com/lib/rucke/Doc?id=10278645zAn electronic book accessible through the World Wide Web; click to view c19899d19899